Statistics for Universities by state (U.S.) #2

Click here to take the quiz!

General Stats

  • This quiz has been taken 19 times
  • The average score is 13 of 15

Answer Stats

HintAnswer% Correct
George Mason UniversityVirginia
100%
Kutztown UniversityPennsylvania
95%
University of New EnglandMaine
95%
University of PortlandOregon
95%
Colgate UniversityNew York
95%
Gonzaga UniversityWashington
95%
Kent State UniversityOhio
95%
Abilene Christian UniversityTexas
95%
Purdue UniversityIndiana
89%
Brown UniversityRhode Island
89%
Lesley UniversityMassachusetts
89%
Sonoma State UniversityCalifornia
89%
Kennesaw State UniversityGeorgia
84%
Salisbury State UniversityMaryland
79%
Dillard UniversityLouisiana
58%

Score Distribution

Percentile by Number Answered

Percent of People with Each Score

Your Score History

You have not taken this quiz